The Titans - Statistics

General Stats
  • This quiz has been taken 10 times
  • The average score is 14 of 25
Answer Stats
Hint Answer % Correct
Changeling Beast Boy
100%
Daughter of a Demon Raven
100%
Son of Batman Robin
100%
Princess of Tamaran Starfire
100%
The Leader. First Robin Nightwing
86%
Clone Superboy
86%
Former star player for the Titans Cyborg
71%
Third Robin. Leader of the Third Roster Red Robin
71%
Redheaded Speedster The Flash
71%
Blonde Amazon Wonder Girl
71%
Redheaded Archer Arsenal
57%
Cousin of #2. Kid Flash
57%
The First Atlantean on the Team Tempest
57%
Blonde Traitor Terra
57%
The First Amazon on the team Troia
57%
Shrinking girl Bumblebee
43%
Peace. Love. Dove
43%
Rage. War. Hawk
43%
First Cousin Once Removed of #2 Impulse
43%
Man in a Mask Guardian
29%
Former Girlfriend of #3 Aquagirl
14%
Daughter of Lobo Crush
14%
First Batgirl Flamebird
14%
Prophet Omen
14%
Invulnerable Skin Risk
14%
No matching quizzes found
Score Distribution
Percent of People with Each Score
Percentile by Number Answered
Your Score History
You have not taken this quiz